| 000 | 01383nam a2200337Ia 4500 | ||
|---|---|---|---|
| 001 | ebr10354587 | ||
| 003 | CaPaEBR | ||
| 006 | m u | ||
| 007 | cr cn||||||||| | ||
| 008 | 060407s2006 iau sb 001 0 eng d | ||
| 010 | _z 2006044606 | ||
| 020 | _z0877459940 (pbk. : alk. paper) | ||
| 040 |
_aCaPaEBR _cCaPaEBR |
||
| 035 | _a(OCoLC)297119368 | ||
| 050 | 1 | 4 |
_aPS374.W6 _bW74 2006eb |
| 082 | 0 | 4 |
_a813/.54093522 _222 |
| 100 | 1 | _aWright, Charlotte M. | |
| 245 | 1 | 0 |
_aPlain and ugly Janes _h[electronic resource] : _bthe rise of the ugly woman in contemporary American fiction / _cCharlotte M. Wright. |
| 260 |
_aIowa City : _bUniversity of Iowa Press, _c2006. |
||
| 300 | _axiii, 136 p. | ||
| 504 | _aIncludes bibliographical references and index. | ||
| 533 |
_aElectronic reproduction. _bPalo Alto, Calif. : _cebrary, _d2010. _nAvailable via World Wide Web. _nAccess may be limited to ebrary affiliated libraries. |
||
| 650 | 0 | _aWomen in literature. | |
| 650 | 0 |
_aAmerican fiction _y20th century _xHistory and criticism. |
|
| 650 | 0 | _aUgliness in literature. | |
| 650 | 0 | _aFeminine beauty (Aesthetics) in literature. | |
| 650 | 0 | _aBody image in literature. | |
| 655 | 7 |
_aElectronic books. _2local |
|
| 710 | 2 | _aebrary, Inc. | |
| 856 | 4 | 0 |
_uhttp://site.ebrary.com/lib/rucke/Doc?id=10354587 _zAn electronic book accessible through the World Wide Web; click to view |
| 999 |
_c44784 _d44784 |
||